000 01121ngm a22003730a 4500
001 PT27929
003 AR-LpoUNG
005 20210201232254.0
007 co ||u|||uuuuu
008 191001s2006||||ag |||||||||||||||||spa d
020 _a9508963794
_c$100
040 _aAR-LpoUNG
_bspa
_cAR-LpoUNG
_eaacr
041 _aspa
044 _aag
082 0 _a338.6 59gra
245 1 0 _aGrandes empresas en la Argentina :
_b1993-2004
260 _aBuenos Aires :
_bINDEC,
_c2006.
300 _adiagrs., gráfs.
520 _aPresenta los principales resultados de la ENGE referidos a las 500 empresas no financieras más grandes del país correspondiente al período 1993-2004.
650 4 _aANALISIS ECONOMICO
650 4 _aANALISIS HISTORICO
650 4 _aARGENTINA
650 4 _aEMPRESAS
650 4 _aESTADISTICAS DE PRODUCCION
650 4 _aINDUSTRIA LOCAL
650 4 _aINVERSIONES
650 4 _aPRODUCCION
650 4 _aPRODUCTIVIDAD
650 4 _aVALOR AGREGADO
651 4 _aArgentina
710 2 _aInstituto Nacional de Estadística y Censos (Argentina)
905 _a27929
942 _cCDDVD
999 _c53213
_d53213